Responses for Show #3620 - Friday, May 5, 2000

Contestants

[<< previous game]

Ann Hannon, a marketing research vice president from Princeton Junction, New Jersey

Kevin Larkin, a pharmaceutical territory manager from Jupiter, Florida

Jeff Horn, an office manager from New York City, New York (whose 1-day cash winnings total $3,201)

[next game >>]

Jeopardy! Round responses

THANK GOD IT'S FRIDAY
(Alex: How appropriate!)
AMERICAN HODGEPODGE
CROSSWORD CLUES "M"
MAGAZINES
KAREEM
OF WHEAT
(Alex: Our writers have been let out of the home again!)
    $100 6
Beauty/love/fertility

Kevin
    $100 1
State flower

Jeff
    $100 15
Mousse

Ann
    $100 16
The New Yorker

Jeff
    $100 7
Lew Alcindor

Jeff
    $100 26
Agriculture

Jeff
    $200 21
Adam

Jeff
    $200 2
Confucius

Triple Stumper
    $200 22
Mortar

Jeff
    $200 17
George

Jeff
    $200 8
Los Angeles Lakers

Kevin
    $200 27
(Jeff: What is a silo?)

Elevators

Jeff
Triple Stumper
    $300 12
Good Friday

Jeff
    $300 3
Colorado

Kevin
    $300 23
Mother Goose

Ann
    $300 18
Joe Montana

Jeff
    $300 9
UCLA

Kevin
    $300 30
Geiger

Kevin
    $400 13
Woodstock

Jeff
    $400 4
Oakland

Jeff
    $400 24
(Alex: With a minute to go.)

Muscovite

Jeff
    $1,400 19
Ebony

Jeff
    $400 10
Courage

Jeff
    $400 29
Pampas

Jeff
    $500 14
Carnival

Jeff
    $500 5
New Mexico

Ann
    $500 25
Merciless

Jeff
    $500 20
Interview

Ann
    $500 11
Milwaukee Bucks

Kevin
    $500 28
(Jeff: What is the agricultural revolution?)

the Green Revolution

Jeff
Triple Stumper

Scores at the first commercial break (after clue 15):

Jeff Kevin Ann
$2,200 $1,400 $600

Scores at the end of the Jeopardy! Round:

Jeff Kevin Ann
$5,300 $1,700 $1,400

Double Jeopardy! Round responses

PRESIDENTS
OLD MOVIES
MYTH INFORMATION
IN & AROUND LONDON
THE ART OF MOZART
THE ALLITERACY RATE
    $200 4
Thomas Jefferson

Jeff
    $200 1
Greta Garbo

Jeff
    $200 7
the Titans

Jeff
    $200 22
(Alex: Minute to go.)

Holy Roman Emperor

Triple Stumper
    $200 14
Little League

Jeff
    $400 10
Woodrow Wilson

Kevin
    $400 2
[NOTE: This was the 98,000th clue entered into the J! Archive, on 2007-06-04.]

Louis Pasteur

Jeff
    $400 8
a swan

Jeff
    $400 24
a mass

Jeff
    $400 15
a red rose

Jeff
    $1,500 11
Theodore Roosevelt

Kevin
    $600 3
Zeppo Marx

Kevin
    $600 9
a golden apple

Ann
    $600 25
(Kevin: Who is Smith?)

Roger Williams

JeffKevin
    $600 21
(Jeff: What is The Marriage of Figaro?)

The Magic Flute

JeffAnn
    $600 16
(Kevin: Who is Billy Budd?)
(Ann: What is "The Winds of War?")

Marjorie Morningstar

JeffKevinAnn
    $800 12
Warren G. Harding

Kevin
    $800 5
(Ann: What is His Gal Friday?)
(Kevin: What is The Front Page?)
(Jeff: What is His Gal Friday?)

His Girl Friday

JeffKevinAnn
Triple Stumper
    $800 19
Satyrs

Jeff
    $800 26
(Kevin: What is Harrods?)
...
[The end-of-round signal sounds.]

Mason

KevinAnn
    $800 23
(Kevin: What are the concertos?)

symphonies

JeffKevin
    $800 17
patent pending

Jeff
    $1000 13
(Jeff: Who is Truman?)
(Ann: Who is FDR?)

Dwight D. Eisenhower

JeffAnn
Triple Stumper
    $1000 6
The Corn Is Green

Jeff
    $1000 20
Iocaste

Triple Stumper
    $1000 18
the Defense Department

Triple Stumper

Scores at the end of the Double Jeopardy! Round:

Jeff Kevin Ann
$9,900 $1,400 $1,000
(lock game)

[wagering suggestions for these scores]

Final Jeopardy! Round responses

CLASSIC SITCOMS
(Alex: So long, ladies and gentlemen. Monday, in Atlanta. Join us then!)
AnnWho is Einstein
$900
KevinWho is Mike Stivek?
$601
JeffWho was Cha Cha O'Donnell?
$7,000
Archie Bunker

Final scores:

Jeff Kevin Ann
$2,900 $799 $100
2-day champion: $6,101 2nd place: a trip to St. James's Club, Antigua 3rd place: Sony Card $1,000 shopping spree

Game dynamics:

Coryat scores:

Jeff Kevin Ann
$8,900 $500 $1,000
31 R
(including 1 DD),
5 W
10 R
(including 1 DD),
5 W
7 R,
3 W

Combined Coryat: $10,400

[game clues] [game scores] [suggest correction]

Game tape date: Unknown
The J! Archive is created by fans, for fans. Scraping, republication, monetization, and malicious use prohibited; this site may use cookies and collect identifying information. See terms. The Jeopardy! game show and all elements thereof, including but not limited to copyright and trademark thereto, are the property of Jeopardy Productions, Inc. and are protected under law. This website is not affiliated with, sponsored by, or operated by Jeopardy Productions, Inc. Join the discussion at JBoard.tv.